| 000 | 00000nam 2200000za 4500 |
| 001 | 9.699468 |
| 003 | CaOODSP |
| 005 | 20250527151634 |
| 007 | cr ||||||||||| |
| 008 | 150407s1956||||xxcaob||o f001 0 eng d |
| 040 | |aCaOODSP|beng |
| 043 | |an-cn--- |
| 086 | 1 |aA43-930/1956E-PDF |
| 100 | 1 |aGregson, John D. |
| 245 | 14|aThe Ixodoidea of Canada |h[electronic resource] / |cby John. D. Gregson. |
| 260 | |aOttawa : |bCanada Department of Agriculture : |bScience Service, Entomology Division, |c1956. |
| 300 | |a92 p. : |bill., maps |
| 500 | |a"January 1956". |
| 500 | |aHistorical publication digitized by Agriculture and Agri-Food Canada. |
| 504 | |aIncludes bibliographical references and index. |
| 590 | |a15-01-Supp|b2015-01-26 |
| 690 | 07|aEntomology|2gcpds |
| 690 | 07|aInsects|2gcpds |
| 710 | 1 |aCanada. |bDepartment of Agriculture. |
| 710 | 1 |aCanada.|bDivision of Entomology. |
| 856 | 40|ahttp://publications.gc.ca|qPDF|s7.1 MB|uhttps://publications.gc.ca/collections/collection_2014/aac-aafc/agrhist/A43-930-1956-eng.pdf |
| 986 | |a930 |